000 00695nam a2200229Ii 4500
003 JO-AjNU
008 230605s9999||||xx |||||||||||||| ||und||
017 _a2008/10/3803
020 _a978-9957-11-783-2
040 _aJO-AjNU
_bara
_erda
_cJO-AjNU
041 _aara
050 1 4 _aLB1028.S52 2012
100 3 _aالشايب،عبد الحافظ ,
_eauthor
_926224
245 0 0 _aأسس البحث التربوي
250 _aط2
264 3 1 _aعمان:دار وائل،2008
300 _a316ص
_bملحق جداول:ص(301-316)
336 _atext
_btxt
_2rdacontent
337 _aunmediated
_bn
_2rdamedia
338 _avolume
_bnc
_2rdacarrier
650 4 _aالتعليم-بحوث
_926225
999 _aA9910
_c13478
_d13478